| 000 | 01443nam a2200373 i 4500 | ||
|---|---|---|---|
| 001 | 192107 | ||
| 003 | SpMaBN | ||
| 005 | 20250801150629.0 | ||
| 008 | 221104s2019 sp a | |||| 000 0 spa | ||
| 017 |
_aM 18626-2019 _bOficina Depósito Legal Madrid |
||
| 020 | _a9788412050936 | ||
| 040 | _cSpMaBN | ||
| 080 | _a82-051"17/18" | ||
| 080 | _a82"18".09 | ||
| 080 | _a821.134.2-84.09 | ||
| 100 | 1 |
_aNeila, Manuel, _d1950- _985334 _eaut |
|
| 245 | 1 | 0 |
_aRendición del héroe : _b(del poeta romántico al hombre imaginativo) / _cManuel Neila ; prólogo de José Manuel Lucía Megías. |
| 260 |
_aMadrid : _bPolibea, _c2019. |
||
| 300 |
_a298 páginas ; _c19 cm. |
||
| 490 | 1 |
_aLa espada en el ágata _v; 23 |
|
| 650 | 4 |
_aEscritores españoles- _yS.XVIII _9170099 |
|
| 650 | 7 |
_aEscritores españoles- _yS.XIX _9145488 |
|
| 650 | 7 |
_aRomanticismo (Literatura) _2embne _9148476 |
|
| 650 | 4 |
_aLiteratura española- _yS.XVIII- _xHistoria y crítica. _914574 |
|
| 650 | 4 |
_aLiteratura española- _yS.XIX- _xHistoria y crítica. _914568 |
|
| 650 | 4 |
_aMáximas y aforismos. _914865 |
|
| 700 | 1 |
_aLucía Megías, José Manuel, _d1967- _eaui _9240291 |
|
| 830 | 1 |
_aLa espada en el ágata ; _v23 _9193550 |
|
| 852 | 4 |
_aES-MaACL _jN-8073 _9199389 _cDEPOJ _hDonación: Manuel Neila _bR. 153020 |
|
| 903 |
_985334 _aNeila, Manuel, _d1950- _ednr |
||
| 942 |
_cMONOGRAFIA _n0 |
||
| 999 |
_c192107 _d192107 |
||